Agentes de Valorant - Estadísticas

Estadísticas generales
  • Esta prueba ha sido intentada 42 veces
  • La puntuación promedio es 24 de 28
Estadísticas de respuestas
Hint Respuesta % Correcto
Controlador Omen
97%
Controlador Brimstone
94%
Duelista Jett
94%
Controlador Clove
91%
Centinela Cypher
91%
Duelista Reyna
91%
Iniciador Skye
91%
Duelista Yoru
91%
Controlador Astra
88%
Centinela Chamber
88%
Iniciador Fade
88%
Iniciador Gekko
88%
Controlador Harbor
88%
Iniciador KAY/O
88%
Centinela Killjoy
88%
Duelista Phoenix
84%
Duelista Raze
84%
Iniciador Sova
84%
Controlador Viper
84%
Centinela Vyse
84%
Duelista Waylay
84%
Centinela Deadlock
81%
Duelista Neon
81%
Centinela Sage
81%
Iniciador Tejo
81%
Iniciador Breach
78%
Duelista Iso
78%
Centinela Veto
78%
No se encontraron pruebas coincidentes
Distribución de puntuación
Porcentaje de gente con cada puntuación
Porcentaje por número respondido
Historial de tus puntuaciones
No has intentado esta prueba.